Представление документа в формате MARC21

Поле Инд. ПП Название Значение
Тип записи a
Библиографический уровень m
001 Контрольный номер f7f69928-a622-4266-9974-06c6d23cc15f
005 Дата корректировки 20140703133019.3
008 Кодируемые данные 050315
020 a ISBN 5-95630-021-3
040 a Служба первич. каталог. НБ ТвГУ
041 a Код языка текста rus
080 a Индекс УДК 331.108.26:004
084 a Индекс другой классификации/Индекс ББК С842.3с51
a Индекс другой классификации/Индекс ББК З973.26-018
090 x Авторский знак С32
a Полочн. индекс С842.3
100 1_ a Автор Серова Галина Александровна
245 10 a Заглавие Компьютеризация службы персонала
b Продолж. заглавия самоучитель по работе на ПК
c Ответственность Г. А. Серова
260 0_ a Место издания Москва
b Издательство Журнал "Управление персоналом"
c Дата издания 2004
300 a Объем 378, [1] с.
b Иллюстрации/ тип воспроизводства табл.
440 a Серия Библиотека журнала "Управление персоналом"
504 a Библиография Библиогр.: с.379.
650 a Основная рубрика Управленческий персонал
x Основная подрубрика Рабочее место автоматизированое
650 a Основная рубрика Управление
x Основная подрубрика Компьютеризация
650 a Основная рубрика Компьютеры персональные
653 a Ключевые слова Управленческий персонал
a Ключевые слова Автомтизированное рабочее место
a Ключевые слова АРМ
a Ключевые слова Управление
a Ключевые слова Компьютеризация управления
a Ключевые слова Персональные компьютеры
a Ключевые слова Интернет
a Ключевые слова Текстовый редактор
a Ключевые слова Электронные таблицы
a Ключевые слова Excel
a Ключевые слова Электронная почта
954 a Дата поступления на обработку 20050321
999 a Подразделение 2 Каб.УиС